Studies on minimal processing of pineabble (Record no. 15062)
[ view plain ]
| 000 -LEADER | |
|---|---|
| fixed length control field | 00720nam a22001697a 4500 |
| 003 - CONTROL NUMBER IDENTIFIER | |
| control field | OSt |
| 088 ## - REPORT NUMBER | |
| Report number | P 157 |
| 100 ## - MAIN ENTRY--AUTHOR NAME | |
| Personal name | MANISH KUMAR JHA |
| -- | REEBA MARIAM JOSHUA |
| -- | VINEETHA M |
| 245 ## - TITLE STATEMENT | |
| Title | Studies on minimal processing of pineabble |
| 260 ## - PUBLICATION, DISTRIBUTION, ETC. (IMPRINT) | |
| Place of publication | Tavanur 2005 |
| Name of publisher | Kelappaji College of Agricultural Engineering and Technology |
| 300 ## - PHYSICAL DESCRIPTION | |
| Number of Pages | 52 |
| 500 ## - GENERAL NOTE | |
| General note | Studies on minimal processing of pineabble |
| 520 ## - SUMMARY, ETC. | |
| Summary, etc | To develop a minimal processing method for pineapple titbis employing the hurdle concept. fabrication of an osmotic dehydration apparatus for dehydration of pineapple titbis . shelf life studies of pineapple titbis<br/> |
| 700 ## - ADDED ENTRY--PERSONAL NAME | |
| Personal name | Er. Prince M. V (Guide) |
| 942 ## - ADDED ENTRY ELEMENTS (KOHA) | |
| Koha item type | Project Report |
| Collection code | Home library | Current library | Shelving location | Full call number | Accession Number | Koha item type |
|---|---|---|---|---|---|---|
| Reference | KAUAET | KAUAET | Reference | 631.3 MAN/ST | P 157 | Project Report |
